| 000 | 01005nam a2200301 a 4500 | ||
|---|---|---|---|
| 001 | 26725 | ||
| 003 | CO-ViMGA | ||
| 008 | 141112s2004 ck r 000 u spa d | ||
| 015 | _ack - 2013 - xxxx | ||
| 020 | _a9789587663631 | ||
| 040 |
_aCO-ViMGA _bspa _cCO-ViMGA |
||
| 041 | _aspa ita | ||
| 090 | _aA EVAf | ||
| 245 | 1 | 0 |
_aLa fiesta : _babre las ventanas! / _c[ilustraciones de Gabriel Evans ; traducción, Gabriela García de la Torre] |
| 246 | _aWoodland Whiskers The Party | ||
| 250 | _a1ra. ed. | ||
| 260 |
_aColombia : _bPanAméricana |
||
| 300 | _a[10] p. : il. col. ; 23 cm | ||
| 490 | 0 | _aBosque de bigotes | |
| 490 | 0 | _aTú preguntas, yo respondo | |
| 521 | _aDe 3 años en adelante | ||
| 650 | 1 | 4 |
_aCuentos infantiles _92743 |
| 650 | 1 | 4 |
_aLibro de actividades _93907 |
| 700 | 1 |
_aEvans, Gabriel, il. _93908 |
|
| 917 | _a2014 - 7609 2 ejemplares | ||
| 942 |
_2ddc _cBK |
||
| 990 | _a2014 - 7609 PanAméricana Editorial Ltda. 2 ejemplares 21 10/07/2014 a936794 27/06/2014 16/06/2014 | ||
| 999 |
_c10072 _d10072 |
||